[Event "ESTT O50 Wales - Italy"]
[Site "?"]
[Date "2016.04.21"]
[Round "3.4"]
[White "Lanzani, Mario"]
[Black "Adams, Mark"]
[Result "1-0"]
[WhiteElo "2311"]
[BlackElo "1985"]
[Annotator "User,Windows"]
[PlyCount "69"]
[EventDate "2016.04.19"]
[SourceDate "2016.04.19"]

1. c4 e5 2. e3 Nf6 3. Nc3 Nc6 4. a3 g6 5. d4 exd4 6. exd4 Bg7 7. d5 Ne7 8. Nf3
d6 9. Be2 O-O 10. O-O Re8 11. h3 a5 12. Bf4 Bd7 13. Re1 h5 14. Bf1 Nf5 15. Qd2
Rxe1 16. Rxe1 c5 17. Bd3 $16 Qb6 18. Qc2 (18. Bxf5 $142 Bxf5 19. Nb5) 18... Re8
19. Rb1 $14 Qc7 20. b4 $6 axb4 21. axb4 b6 $2 $16 (21... Nd4 $11) 22. bxc5 bxc5
23. Nb5 Bxb5 24. Rxb5 Ne7 (24... Nd4) 25. Qb1 Qd8 26. Rb7 Nc8 27. Qb5 Re7 28.
Ng5 Nd7 29. Ne4 Ne5 30. Bf1 Rxb7 31. Qxb7 $14 f6 $6 32. Bxe5 fxe5 33. h4 Bh6
34. Qb8 Kf7 $4 35. Qxc8 1-0

[Event "ESTT O65 Wales - Russia"]
[Site "Halkidiki"]
[Date "2016.04.22"]
[Round "4.9"]
[White "Powell, Lloyd"]
[Black "Balashov, Yuri S"]
[Result "0-1"]
[WhiteElo "2076"]
[BlackElo "2404"]
[PlyCount "72"]
[EventDate "2016.??.??"]
[SourceDate "2016.04.19"]

1. d4 d5 2. c4 dxc4 3. Nf3 Nf6 4. g3 Nc6 5. Nc3 e6 6. Bg2 a6 7. O-O Rb8 8. e4
Be7 9. d5 exd5 10. exd5 Nb4 11. Ne5 Bf5 12. Qf3 Bd3 (12... Bg6) 13. Nxd3 Nxd3
14. b3 Nxc1 15. Raxc1 (15. bxc4 $142 Nxa2 16. Nxa2 $15) 15... cxb3 16. axb3 O-O
17. Ne2 g6 18. Nf4 Bd6 19. Nd3 Re8 20. Rfe1 Kg7 21. Bh3 Rxe1+ 22. Rxe1 Qf8 23.
Re3 Re8 24. Bg2 a5 25. h3 Rxe3 26. Qxe3 Qe8 27. Qd4 Qe7 28. Bf3 Kg8 29. Kg2 h5
30. Kh2 b6 31. Kg2 Nd7 32. h4 Qf6 33. Qe4 Kf8 34. Kh2 Qc3 35. Bd1 Nf6 36. Qf3
Qd4 0-1

[Event "ESTT O65 Wales - Russia"]
[Site "Halkidiki"]
[Date "2016.04.22"]
[Round "4.10"]
[White "Zhelnin, Vladimir V"]
[Black "Thornton, John D"]
[Result "1-0"]
[WhiteElo "2459"]
[BlackElo "2028"]
[PlyCount "107"]
[EventDate "2016.??.??"]
[SourceDate "2016.04.19"]

1. e4 e6 2. d3 d5 3. Nd2 Nf6 4. Ngf3 Bc5 5. e5 Nfd7 6. d4 Be7 7. Bd3 c5 8. c3
Nc6 9. O-O f6 10. exf6 Nxf6 11. dxc5 Bxc5 12. b4 Bd6 13. Re1 O-O 14. b5 Na5 15.
Qa4 Qc7 (15... b6 $142) 16. Ba3 b6 17. Bxd6 Qxd6 18. Qh4 Nb7 19. Ne5 Nc5 20.
Bc2 Bd7 (20... a6) 21. Re3 Be8 (21... Bxb5) 22. Rae1 Qd8 23. Rh3 (23. Nb3)
23... Nh5 24. Qg4 Rf4 $4 (24... Nf6) 25. Bxh7+ Kf8 26. Qe2 Qf6 27. Rxh5 Rxf2
28. Qxf2 Qxf2+ 29. Kxf2 Bxh5 30. Ke3 Ke7 31. Nb3 Kd6 32. g4 $6 Rh8 33. gxh5
Rxh7 34. Nf3 $6 Rxh5 35. Rg1 Na4 (35... Ne4) 36. Rxg7 Nxc3 37. Nbd4 e5 38. Rg6+
Kd7 39. Nc6 d4+ 40. Kf2 e4 41. Nfe5+ Kc7 42. Nxd4 Nd1+ 43. Ke1 Rxe5 44. Kxd1
Rd5 45. Rc6+ Kd7 46. Rc4 Rh5 47. a4 Kd6 48. Nc6 e3 49. h4 Kd5 50. Rg4 Rh7 51.
Ke2 Kc5 52. Kxe3 a6 53. Rg5+ Kd6 54. h5 1-0

[Event "ESTT O65 Wales - Russia"]
[Site "Halkidiki"]
[Date "2016.04.22"]
[Round "4.11"]
[White "Van Kemenade, Rudy"]
[Black "Pushkov, Nikolai"]
[Result "0-1"]
[WhiteElo "1957"]
[BlackElo "2336"]
[PlyCount "74"]
[EventDate "2016.??.??"]
[SourceDate "2016.04.19"]

1. f4 d5 2. Nf3 c5 3. g3 g6 4. Bg2 Bg7 5. d3 Nc6 6. O-O e6 7. c3 Nge7 8. Qe1
O-O 9. Na3 Rb8 10. Nc2 b5 11. g4 b4 12. cxb4 Nxb4 13. Nxb4 Rxb4 14. Rb1 Ba6 15.
b3 Nc6 16. Be3 Qd6 17. Qf2 Nd4 18. Nxd4 Bxd4 19. Bxd4 Rxd4 20. Rbc1 f5 21. g5
Rc8 22. Rc3 Rb4 23. a3 $6 Rbb8 24. Rfc1 $2 d4 25. R3c2 Rxb3 26. a4 Ra3 27. h4
Rxa4 28. h5 c4 29. hxg6 hxg6 30. Qh4 Rc7 31. dxc4 d3 32. exd3 Qxd3 33. Bf1 Qe4
34. Rc3 $4 (34. Rd1 $1 $18) 34... Rh7 35. Qg3 Rh1+ 36. Kf2 Ra2+ 37. Be2 Rxe2#
0-1

[Event "ESTT O65 Wales - Russia"]
[Site "Halkidiki"]
[Date "2016.04.22"]
[Round "4.12"]
[White "Mishuchkov, Nikolai M"]
[Black "Miles, Richard"]
[Result "1/2-1/2"]
[WhiteElo "2304"]
[BlackElo "1971"]
[PlyCount "65"]
[EventDate "2016.??.??"]
[SourceDate "2016.04.19"]

1. d4 d5 2. Nf3 Nf6 3. c4 c6 4. Qb3 dxc4 5. Qxc4 Bf5 6. e3 e6 7. Bd3 Bxd3 8.
Qxd3 c5 9. Qb3 Qb6 10. Qa4+ Qc6 11. Nc3 Qxa4 12. Nxa4 Nbd7 13. b3 cxd4 14. Nxd4
Bb4+ (14... Rc8 $15) 15. Bd2 Bxd2+ 16. Kxd2 Ke7 17. f3 Rac8 18. Rac1 Rhd8 19.
e4 Ne8 20. Ke3 Nd6 21. g3 Rxc1 22. Rxc1 Rc8 23. Rxc8 Nxc8 24. f4 f6 25. Nc3 g6
26. Nf3 Kd6 27. e5+ fxe5 28. Ne4+ Kd5 29. fxe5 Nxe5 30. Nf6+ Kd6 31. Ne4+ Kd5
32. Nf6+ Kd6 33. Ne4+ 1/2-1/2

[Event "ESTT O65 Stiftung BSW - Wales"]
[Site "?"]
[Date "2016.04.23"]
[Round "5.1"]
[White "Hollstein, Joachim"]
[Black "Jones, Iolo"]
[Result "1/2-1/2"]
[WhiteElo "2070"]
[BlackElo "2193"]
[PlyCount "23"]
[EventDate "2016.04.19"]
[SourceDate "2016.04.19"]

1. d4 Nf6 2. Nf3 e6 3. Nbd2 d5 4. e3 c5 5. c3 Nc6 6. Bd3 Be7 7. O-O O-O 8. Ne5
Qc7 9. f4 g6 10. Rf3 Ne8 11. Rg3 f5 12. Ndf3 1/2-1/2

[Event "ESTT O65 Stiftung BSW - Wales"]
[Site "?"]
[Date "2016.04.23"]
[Round "5.2"]
[White "Thornton, John D"]
[Black "Fleuch, Hans-Juergen"]
[Result "1/2-1/2"]
[WhiteElo "2028"]
[BlackElo "2069"]
[PlyCount "28"]
[EventDate "2016.04.19"]
[SourceDate "2016.04.19"]

1. e4 Nc6 2. Nf3 d6 3. d3 Nf6 4. g3 g6 5. Bg2 Bg7 6. O-O O-O 7. c3 e5 8. Re1
Re8 9. Nbd2 d5 10. Qc2 h6 11. a4 a5 12. Nf1 Be6 13. Ne3 dxe4 14. dxe4 Ng4
1/2-1/2

[Event "ESTT O65 Stiftung BSW - Wales"]
[Site "?"]
[Date "2016.04.23"]
[Round "5.3"]
[White "Mai, Hartmut"]
[Black "Van Kemenade, Rudy"]
[Result "1-0"]
[WhiteElo "1943"]
[BlackElo "1957"]
[PlyCount "115"]
[EventDate "2016.04.19"]
[SourceDate "2016.04.19"]

1. Nf3 f5 2. d4 Nf6 3. Bf4 d6 4. e3 g6 5. Bc4 e6 6. Nbd2 Bg7 7. O-O O-O 8. Qe2
Qe7 9. Bg5 d5 10. Bd3 h6 11. Bf4 g5 12. Bg3 Ne4 13. Be5 g4 14. Bxg7 Qxg7 15.
Ne5 Nd7 16. Nxd7 Bxd7 17. f4 c5 18. c3 Rfc8 19. Rac1 Rc7 20. dxc5 Nxd2 21. Qxd2
Rxc5 22. c4 a5 23. cxd5 Rxd5 24. Qe2 Bc6 25. e4 Qd4+ 26. Rf2 Rd6 27. e5 Rd7 28.
Bc4 Kf7 29. Bb3 Rad8 30. Rd1 Qc5 (30... Qxd1+ 31. Bxd1 Rxd1+ 32. Rf1 R8d2 33.
Qc4 Rxg2+ 34. Kh1 Rg3+ 35. Qxc6 Rxf1#) 31. Rxd7+ Rxd7 32. Qc2 Qxc2 33. Rxc2
Rd1+ (33... a4 34. Bc4 Rd1+ 35. Kf2 Be4 36. Re2 Rd4 37. b3 Bc6 38. Ke3 (38. --
b5) 38... Re4+ 39. Kd2 Rxf4 $17) 34. Kf2 Rh1 35. Kg3 a4 36. Bc4 Rd1 37. Kf2 Rd4
(37... Be4 38. Re2 Rd4 39. b3 Bc6 $17) 38. g3 Be4 39. Ke3 Rd1 40. Rd2 Re1+ 41.
Re2 Rc1 42. b3 Bc6 43. Kd2 Ra1 44. bxa4 Bxa4 45. Kc3 Rd1 46. Rd2 Rxd2 47. Kxd2
Bc6 48. Kc3 Ke7 49. Kb4 Bh1 50. Kc5 Bg2 51. Kb6 Bh1 52. Kc7 Bg2 (52... Bd5 $11)
53. Bb5 Bd5 54. a4 Bg2 55. a5 Bf3 56. Bd7 Be2 57. Bc8 b5 58. axb6 1-0

[Event "ESTT O65 Stiftung BSW - Wales"]
[Site "?"]
[Date "2016.04.23"]
[Round "5.4"]
[White "Miles, Richard"]
[Black "Fernengel, Rudolf"]
[Result "1/2-1/2"]
[WhiteElo "1971"]
[BlackElo "1792"]
[PlyCount "46"]
[EventDate "2016.04.19"]
[SourceDate "2016.04.19"]

1. d4 d5 2. c4 c6 3. Nf3 Nf6 4. e3 Bg4 5. Qb3 Qb6 6. Nc3 Qxb3 7. axb3 e6 8. Bd3
Nbd7 9. h3 Bh5 10. Bd2 Bg6 11. Bxg6 hxg6 12. O-O Be7 13. Rfe1 a6 14. e4 Nxe4
15. Nxe4 dxe4 16. Rxe4 Nf6 17. Ree1 Rd8 18. Ba5 Rc8 19. Rad1 Kf8 20. Bc3 Rh5
21. Ne5 Rd8 22. Ba5 Re8 23. Bc3 Rd8 1/2-1/2

[Event "ESTT O50 Russia Women - Wales"]
[Site "?"]
[Date "2016.04.23"]
[Round "4.1"]
[White "Strutinskaya, Galina"]
[Black "Morris, Charles F"]
[Result "1/2-1/2"]
[WhiteElo "2241"]
[BlackElo "2122"]
[PlyCount "118"]
[EventDate "2016.04.19"]
[SourceDate "2016.04.19"]

1. d4 e6 2. Nf3 c5 3. c3 Nf6 4. Bf4 Nc6 5. e3 Nh5 6. Bg5 Qb6 7. b3 h6 8. Bh4 g5
9. Nfd2 Ng7 10. Bg3 d5 11. Nf3 Nf5 12. dxc5 Bxc5 $15 13. Bd3 Nxg3 14. hxg3 g4
15. Ng1 f5 16. Bc2 Bd7 17. Ne2 Ne7 18. b4 Bd6 19. Qd4 Qxd4 20. exd4 a5 21. bxa5
Rxa5 22. Nd2 Kf7 23. Nb3 Ra3 24. Nbc1 Bb5 25. Kd2 Bc4 26. Rb1 b5 27. Bb3 Ra5
28. Nd3 h5 29. Nef4 Bxd3 30. Nxd3 Ng6 31. Ke3 h4 $6 32. gxh4 $11 f4+ 33. Ke2
Rxh4 34. Rxh4 $6 Nxh4 35. Nxf4 Bxf4 36. g3 Bxg3 37. fxg3 Nf5 38. Kd3 Kf6 39.
Rf1 Ra3 40. Kc2 Kg5 41. Kb2 Rxb3+ $6 $11 (41... Ra7 $142) 42. Kxb3 Nxg3 43. Rc1
Kf4 44. Kb4 Ne2 45. Rf1+ Ke3 46. Rf6 g3 47. Rxe6+ Kf2 48. Rf6+ Ke1 49. Rg6 Kf2
50. Rf6+ Ke1 51. a3 g2 52. Rg6 Kf2 53. Rxg2+ Kxg2 54. Kxb5 Nxc3+ 55. Kb4 Ne2
56. a4 Nxd4 57. Kc5 Nb3+ 58. Kxd5 Kf3 59. Kc4 Ke4 1/2-1/2

[Event "ESTT O50 Russia Women - Wales"]
[Site "?"]
[Date "2016.04.23"]
[Round "4.2"]
[White "James, David"]
[Black "Mednikova, Svetlana"]
[Result "1/2-1/2"]
[WhiteElo "2159"]
[BlackElo "2155"]
[PlyCount "85"]
[EventDate "2016.04.19"]
[SourceDate "2016.04.19"]

1. d4 e6 2. Nf3 f5 3. g3 Nf6 4. Bg2 Be7 5. O-O O-O 6. c4 c6 7. Nbd2 d5 8. Ne5
b6 9. b3 Bb7 10. Bb2 Nbd7 11. Nd3 Qe8 12. Nf3 Ne4 13. e3 Bd6 14. Nfe5 Nxe5 15.
Nxe5 Rd8 16. cxd5 Bxe5 17. dxe5 Rxd5 18. Qc1 Qd7 $15 19. Rd1 Rd8 20. Rxd5 Qxd5
21. Bc3 Qd3 22. Be1 Qd5 23. Qb2 c5 24. h3 Qd7 25. h4 c4 26. bxc4 Nc5 27. Bxb7
Qxb7 28. Qe2 Qe4 29. Bc3 Nd3 30. Qc2 Qxc4 31. Qb3 Qd5 32. Qxd5 Rxd5 33. f4 Kf7
34. Bd4 Nc5 35. Rc1 Ke7 36. Kg2 Kd7 37. h5 Kc6 38. g4 fxg4 39. Kg3 Rd7 40. Kxg4
Kd5 41. Kf3 Rf7 42. Rd1 Kc4 43. Rc1+ $11 1/2-1/2

[Event "ESTT O50 Russia Women - Wales"]
[Site "?"]
[Date "2016.04.23"]
[Round "4.3"]
[White "Kozlovskaya, Valentina"]
[Black "Bevan, Peter M"]
[Result "1/2-1/2"]
[WhiteElo "2239"]
[BlackElo "1940"]
[PlyCount "80"]
[EventDate "2016.04.19"]
[SourceDate "2016.04.19"]

1. d4 Nf6 2. c4 g6 3. Nc3 Bg7 4. e4 d6 5. Nf3 O-O 6. Be2 e5 7. d5 Na6 8. O-O
Nc5 9. Nd2 a5 10. h3 h5 11. Qc2 Nh7 12. Nb3 b6 13. Nxc5 bxc5 14. Re1 f5 15.
exf5 Bxf5 16. Bd3 Qh4 17. Bxf5 gxf5 18. Nb5 Rac8 $6 (18... Rf7 $14) 19. a4 e4
20. Ra3 Be5 21. Bd2 (21. Na7 $16) 21... Nf6 22. Qc1 f4 23. Bc3 Rfe8 (23... e3
24. f3 Ne4 $3 25. fxe4 f3 $1 26. Rxe3 Qg3 27. Rxf3 Qh2+ 28. Kf2 Rxf3+ 29. Kxf3
Rf8+ 30. Ke2 Qxg2+ $19) 24. Na7 Ra8 25. Nc6 e3 $15 26. f3 Nd7 27. Re2 Bxc3 28.
Qxc3 Ne5 29. Nxe5 Rxe5 30. Rb3 Kf7 31. Rb7 Re7 32. Qd3 Kf6 33. Qc3+ Kf7 34. Rb5
Rg8 (34... Qf6 $15) 35. Kh1 Rg3 36. Qc2 Rxh3+ 37. gxh3 Qxh3+ 38. Kg1 Qg3+ 39.
Rg2 Qe1+ 40. Kh2 Qh4+ 1/2-1/2

[Event "ESTT O50 Russia Women - Wales"]
[Site "?"]
[Date "2016.04.23"]
[Round "4.4"]
[White "Adams, Mark"]
[Black "Fatalibekova, Elena"]
[Result "0-1"]
[WhiteElo "1985"]
[BlackElo "2223"]
[PlyCount "66"]
[EventDate "2016.04.19"]
[SourceDate "2016.04.19"]

1. e4 c5 2. Nf3 Nc6 3. d4 cxd4 4. Nxd4 Qb6 5. Nb3 Nf6 6. Nc3 e6 7. Be3 Qc7 8.
a3 a6 9. Be2 b5 10. f3 d6 11. O-O Be7 12. f4 O-O 13. Bf3 Bb7 14. Qe1 b4 15.
axb4 Nxb4 16. Qf2 d5 17. Bb6 Qxf4 18. Qe2 Qb8 19. e5 Nd7 20. Bd4 Nc6 21. Nxd5
exd5 22. e6 Nxd4 23. Nxd4 Bf6 24. Nf5 Ne5 25. e7 Re8 26. Rad1 Bxe7 27. Kh1 Bf8
28. Bxd5 Bxd5 29. Rxd5 Qxb2 30. Qf2 f6 31. Qg3 Kh8 32. Rd2 Rac8 33. Qf2 Qc3 0-1

[Event "ESTT O65 Wales - Steiermark"]
[Site "?"]
[Date "2016.04.24"]
[Round "6.1"]
[White "Jones, Iolo C"]
[Black "Watzka, Horst"]
[Result "1-0"]
[WhiteElo "2193"]
[BlackElo "2236"]
[PlyCount "93"]
[EventDate "2016.04.19"]
[SourceDate "2016.04.19"]

1. d4 Nf6 2. Nf3 e6 3. c4 Bb4+ 4. Bd2 a5 5. g3 d6 6. Bg2 O-O 7. O-O Bxd2 8.
Qxd2 Nbd7 9. Nc3 e5 10. Rfd1 exd4 11. Nxd4 Re8 12. Qc2 g6 13. b3 Nc5 14. a3 c6
15. b4 axb4 16. axb4 Rxa1 17. Rxa1 Ne6 18. Qd2 Qb6 19. Nc2 Ng4 $6 20. e3 Rd8
21. Na4 Qc7 22. Qc3 $14 Bd7 23. Nb2 f5 24. f4 Nh6 25. Nd3 $14 Be8 26. Nf2 Qg7
27. Qxg7+ (27. Qd3 $142) 27... Nxg7 28. Ra7 Rb8 29. Nd4 Bf7 30. Bf1 Ne6 31. Nf3
c5 32. b5 Kf8 33. Bd3 Bg8 34. e4 Nd4 35. Ng5 $11 (35. Nxd4 $14) 35... Nf7 36.
Nxf7 Bxf7 37. Kg2 Be6 38. h3 h5 39. exf5 gxf5 40. Nd1 Kg7 $6 (40... d5 $11) 41.
Ne3 Kf6 42. Kf2 Rg8 $2 43. Bf1 $16 h4 44. gxh4 Bc8 $2 45. Bg2 Kg6 46. Ra8 Kh7
47. Bd5 1-0

[Event "ESTT O65 Wales - Steiermark"]
[Site "?"]
[Date "2016.04.24"]
[Round "6.2"]
[White "Kratschmer, Heinz"]
[Black "Powell, Lloyd"]
[Result "1/2-1/2"]
[WhiteElo "2060"]
[BlackElo "2076"]
[PlyCount "71"]
[EventDate "2016.04.19"]
[SourceDate "2016.04.19"]

1. d4 Nf6 2. Nf3 e6 3. c4 c5 4. d5 exd5 5. cxd5 d6 6. Nc3 g6 7. e4 Bg7 8. Bb5+
Bd7 9. O-O O-O 10. a4 Bg4 11. Be2 (11. Bf4 a6 12. Be2 Bxf3 13. Bxf3 Qe7) 11...
Re8 12. h3 Bxf3 13. Bxf3 Nbd7 14. g3 a6 15. Re1 Qc7 16. Bg2 Rab8 17. a5 b5 $6 (
17... c4 $142) 18. axb6 Rxb6 $14 19. Qa4 (19. Bf1 $142) 19... Ne5 20. Rd1 Reb8
21. f4 Ned7 22. Qc4 Qc8 23. Kh2 Ne8 24. Re1 Nc7 $11 25. Qd3 Rb3 26. Qc2 R8b6 (
26... c4 $142) 27. Re2 Qb8 28. Ra2 R6b4 29. h4 Bd4 30. Nb1 Qb5 31. Na3 Qd3 32.
Qxd3 Rxd3 33. Nc2 Rbb3 34. Na1 Rb4 35. Nc2 Rbb3 36. Na1 1/2-1/2

[Event "ESTT O65 Wales - Steiermark"]
[Site "?"]
[Date "2016.04.24"]
[Round "6.3"]
[White "Van Kemenade, Rudy"]
[Black "Nickl, Klaus"]
[Result "1-0"]
[WhiteElo "1957"]
[BlackElo "2069"]
[Annotator "User,Windows"]
[PlyCount "97"]
[EventDate "2016.04.19"]

1. d4 Nf6 2. c4 g6 3. Nc3 Bg7 4. e4 d6 5. Nf3 O-O 6. h3 Na6 7. Bg5 Qe8 8. a3 (
8. g4) (8. Be2 {main}) 8... e5 9. d5 (9. dxe5 dxe5 10. b4 $14 {scores 83%})
9... h6 {labelled a mistake by Bronstein ( cf Bronstein-Van Kemenade,
Manchester 1990 ,1-0) & Kotronias, Kings Indian VOL 4 2016. It weakens g6.} (
9... Nh5) (9... Kh8 10. Bd3 Ng8 {Kotronias}) (9... Nc5) 10. Be3 (10. Bxf6 Bxf6
11. Qd2 Bg7 12. b4 Qe7 13. Be2 $11 {Cretan-Ionica,ROM ch tm women Predeal 2006,
0-1}) 10... Kh8 11. Bd3 Ng8 12. g4 f5 13. gxf5 gxf5 14. exf5 e4 $6 (14... Ne7
$16 {Wh goes to occupy e4}) 15. Nxe4 Bxb2 $2 (15... Bxf5 $142) 16. Nd4 $18 (16.
Nh4 $18) 16... Bxf5 17. Nxf5 Rxf5 18. Nxd6 $6 (18. Rb1 Bg7 (18... Qe5 19. Bc2 (
19. f4 {Fritz15})) 19. Nxd6) (18. Ra2 $18) 18... Bc3+ (18... cxd6 $142 19. Bxf5
Qe5 20. Rb1 Bc3+ 21. Ke2 Qxf5 22. Qd3 $16) 19. Kf1 $1 (19. Ke2 Qh5+ 20. Kf1
cxd6 21. Bxf5 Qxf5 22. Bd4+ Bxd4 23. Qxd4+ Nf6 $15) 19... Qxe3 (19... Rxf2+ 20.
Bxf2 cxd6 21. Rc1 $18 {Fritz15}) 20. Nxf5 Qf4 21. Ra2 (21. Qc1 {Fritz15} Qe5
22. Rb1 $18 (22. Rg1 $18 Bxa1 23. Nxh6 Qf6 24. Rg6 $18)) 21... Nc5 22. Bb1 (22.
Rc2 Bf6 23. Rg1 Rf8 24. Rg4 Qe5 25. f4 Qa1 26. Qxa1 Bxa1 27. Nh4 Nxd3 28. Ng6+
Kg7 29. Ne5+ Kh7 30. Nxd3 $18 {Fritz15}) 22... Nf6 (22... Qxc4+ 23. Re2 Qb5 24.
Qc2 $18) 23. Ne7 $5 (23. Re2 $18) (23. Rg1 $18) (23. d6 Nce4 24. Ne7 Qxd6 25.
Qxd6 cxd6 26. Bxe4 Nxe4 27. Re2 Nd2+ 28. Kg2 $18 {Fritz15}) 23... Qxc4+ 24. Re2
$1 (24. Qe2 {preferred by Wh after the move played, but Houdini4 & Fritz15
prefer text} Qb3 25. Qc2 Re8) 24... Re8 25. Kg1 $2 (25. d6 cxd6 26. Qxd6 $18 {
Houdini4 & Fritz15}) (25. Ng6+ Kg7 26. Rg1 Kf7 27. Ba2 $18) (25. Kg2 $16) 25...
Nce4 (25... Nfe4 26. d6 (26. Ng6+ Kg7 27. Nf4 Re5 28. Kh2 $16) 26... cxd6 27.
Ba2 Qd4 28. Qxd4+ Bxd4 29. Nf5 Be5 30. Kg2 $16 {Fritz15}) 26. Bd3 Qd4 27. Ng6+
Kg7 28. Nf4 Nxd5 $2 (28... Kh8 $142 29. Qc2 {Fritz15} Ba5 30. Rh2 $16 (30. Bxe4
Rxe4 31. Nh5 Rxe2 32. Qxe2 Bb6 33. Nxf6 Qxf6 34. Kf1 $18 {Komodo9})) (28... Ng3
{Pritzl} 29. Ne6+ (29. Rxe8 Qxf4 30. Rh2 Nxe8 31. fxg3 Qe3+ 32. Kh1 $16) 29...
Rxe6 30. dxe6 Nxe2+ 31. Qxe2 Qf4 32. h4 $18 {Fritz15}) (28... Nxf2 {Wh worried
about this} 29. Rxf2 Re1+ 30. Qxe1 Bxe1 31. Ne6+ $18 {Pritzl}) 29. Rxe4 $1 $18
Rxe4 30. Qg4+ Kf7 31. Qg6+ (31. Bxe4 Qxe4 32. Qh5+ Kf8 33. Nxd5 $18 {Fritz15})
31... Kf8 32. Qxh6+ Ke8 (32... Qg7+ 33. Qxg7+ Bxg7 34. Ng6+ Kf7 35. Bxe4 $18 {
Fritz15}) 33. Qg6+ (33. Bxe4 {Fritz15} Qxe4 34. Qh5+ Kd7 35. Nxd5 (35. Qxd5+
Qxd5 36. Nxd5 $18)) 33... Kd7 34. Qxe4 $6 (34. Bxe4 Nxf4 35. Qf7+ Kd6 36. Qxf4+
) (34. Qf5+ Kd8 35. Bxe4 {Fritz15}) 34... Qxe4 (34... Nxf4 {seen, a little
better than the text} 35. Qxd4+ Bxd4 36. Be4 b5 37. h4 $18) 35. Bxe4 Nxf4 36.
Bxb7 c5 37. h4 Bb2 38. a4 (38. h5 Bxa3 39. h6 (39. Rh4 Bc1 40. h6 Ng6 41. Ra4
Ke6 42. h7 Nh8 43. Rxa7) 39... a5 40. h7 Ng6 41. Rh6 Nh8 42. Ra6 Bb4 43. Bd5
Ke7 44. Ra8 Bc3 45. Kg2 $18 {Fritz15}) 38... c4 39. Be4 (39. h5) 39... Kd6 40.
h5 Bh8 41. Kf1 (41. h6 Kc5 42. f3) 41... Ke5 42. f3 Kd4 43. Ke1 (43. Kf2) 43...
c3 44. Rh2 (44. h6) (44. Rg1) 44... a5 45. h6 Nd3+ 46. Bxd3 Kxd3 47. Kd1 Be5
48. f4 (48. h7 {would lose for Wh, as tried by some of Rudy's collegues} Bxh2
49. h8=Q c2+ 50. Kc1 (50. Ke1 c1=Q+ 51. Kf2 Qg1#) 50... Bf4+ 51. Kb2 c1=Q+ {
mating soon}) 48... Bxf4 49. Rh3+ 1-0

[Event "ESTT O65 Wales - Steiermark"]
[Site "?"]
[Date "2016.04.24"]
[Round "6.4"]
[White "Pitzl, Konstantinos"]
[Black "Miles, Richard"]
[Result "1/2-1/2"]
[WhiteElo "1989"]
[BlackElo "1971"]
[PlyCount "50"]
[EventDate "2016.04.19"]
[SourceDate "2016.04.19"]

1. Nf3 c5 2. g3 Nc6 3. c4 Nf6 4. Nc3 d5 5. cxd5 Nxd5 6. Bg2 g6 7. O-O Bg7 8.
Qb3 e6 9. d3 O-O 10. e4 Nde7 (10... Nxc3 11. bxc3 Qxd3 12. Be3 b6 $17) 11. Be3
b6 12. Rfd1 Nd4 $11 (12... e5 $15) 13. Bxd4 cxd4 14. Ne2 (14. Nb5 $142) 14...
e5 $15 15. h3 $6 Be6 16. Qa3 f6 $17 17. Rac1 Qd7 18. Kh2 Bh6 (18... Rfc8 $142)
19. Nd2 Rac8 20. f4 $1 Rxc1 (20... Nc6) 21. Rxc1 Rc8 22. Rxc8+ Nxc8 23. Nf3 Qc7
24. fxe5 fxe5 25. Qa4 Bf7 1/2-1/2

[Event "ESTT O50 Wales - Norway"]
[Site "?"]
[Date "2016.04.24"]
[Round "5.1"]
[White "Morris, Charles F"]
[Black "Sollid, Stein"]
[Result "1-0"]
[WhiteElo "2122"]
[BlackElo "2032"]
[PlyCount "63"]
[EventDate "2016.04.19"]
[SourceDate "2016.04.19"]

1. c4 Nf6 2. g3 c6 3. Bg2 d5 4. Nf3 g6 5. b3 Bg7 6. Bb2 O-O 7. O-O Bf5 8. d3
Na6 9. Nbd2 Nc5 10. Qc2 Rc8 11. Nd4 Qd7 12. N2f3 Nh5 13. Nxf5 Qxf5 14. Bxg7
Nxg7 15. Qc3 Rfe8 16. Qa5 Na6 17. Nh4 Qe6 18. Rfe1 dxc4 19. bxc4 Qd6 20. Rab1
Rc7 21. Rb2 Rd8 22. Reb1 $14 Rdd7 23. Nf3 f6 $6 24. d4 e6 25. c5 Qe7 26. Qc3
Kf8 $6 27. e3 $18 Kg8 28. Nd2 Ne8 29. Nc4 Kg7 30. Na5 e5 31. Bh3 f5 32. Bf1 {
Black lost on time} (32. Bg2 $142) 1-0

[Event "ESTT O50 Wales - Norway"]
[Site "?"]
[Date "2016.04.24"]
[Round "5.2"]
[White "Thjomoe, Hans Richard"]
[Black "James, David J"]
[Result "1/2-1/2"]
[WhiteElo "1915"]
[BlackElo "2159"]
[PlyCount "40"]
[EventDate "2016.04.19"]
[SourceDate "2016.04.19"]

1. e4 c5 2. Nc3 a6 3. Nf3 d6 4. d4 cxd4 5. Nxd4 Nf6 6. f3 e5 7. Nb3 Be7 8. Be3
Be6 9. Qd2 Nbd7 10. g4 Nb6 11. O-O-O Qc7 12. Kb1 Nfd7 13. h3 Nc4 14. Bxc4 Bxc4
15. Nd5 Bxd5 16. Qxd5 Rc8 17. Rh2 Nb6 18. Bxb6 Qxb6 19. Rhd2 O-O 20. h4 Qc7
1/2-1/2

[Event "ESTT O50 Wales - Norway"]
[Site "?"]
[Date "2016.04.24"]
[Round "5.3"]
[White "Bevan, Peter M"]
[Black "Strand, Oyvin"]
[Result "1-0"]
[WhiteElo "1940"]
[BlackElo "1890"]
[PlyCount "107"]
[EventDate "2016.04.19"]
[SourceDate "2016.04.19"]

1. c4 f5 2. g3 Nf6 3. Nf3 e6 4. Bg2 d5 5. O-O Bd6 6. d4 c6 7. b3 O-O 8. Ba3
Bxa3 9. Nxa3 Qe7 10. Nc2 Nbd7 11. Nce1 b6 12. Nd3 Bb7 13. Nfe5 Nxe5 14. Nxe5
Nd7 15. Nd3 Rfd8 16. cxd5 exd5 17. Qd2 Rab8 18. e3 a5 19. Rac1 Rdc8 20. Rc2 Ba6
21. Rfc1 Bxd3 22. Qxd3 (22. Bxd5+ $1) 22... Qe6 23. b4 axb4 24. Qb3 Nf6 25.
Qxb4 b5 26. a4 bxa4 27. Qxa4 Qd7 $2 28. Rxc6 $16 Rxc6 29. Qxc6 Rd8 30. Qxd7 (
30. Bh3 $142) 30... Rxd7 31. Bf3 Kf7 32. h3 g6 33. Kg2 h5 34. Rc2 Ke6 35. Rc6+
Rd6 36. Rxd6+ Kxd6 37. Be2 g5 38. Bd3 Ke6 39. f3 Ng8 40. e4 fxe4 41. fxe4 Ne7
42. Kf3 Kd6 43. h4 $2 $11 (43. e5+ $18) 43... gxh4 44. gxh4 Nc6 45. exd5 Nxd4+
46. Ke4 Nb3 47. Be2 Nc5+ 48. Kd4 Na4 49. Ke4 Nc5+ 50. Kf5 Kxd5 51. Bxh5 Ne6 $4
(51... Kd6 $8 52. Bg6 Ne6 53. Kf6 Nf4 54. Bf7 Kd7 55. Kg5 Ke7 $3 $11) 52. Bf7
Kd6 53. Bxe6 Ke7 54. h5 1-0

[Event "ESTT O50 Wales - Norway"]
[Site "?"]
[Date "2016.04.24"]
[Round "5.4"]
[White "Jenssen, Ove S"]
[Black "Adams, Mark"]
[Result "0-1"]
[WhiteElo "1854"]
[BlackElo "1985"]
[PlyCount "86"]
[EventDate "2016.04.19"]
[SourceDate "2016.04.19"]

1. e4 c5 2. Nc3 a6 3. a4 b6 4. Bc4 e6 5. d4 cxd4 6. Qxd4 Nc6 7. Qd1 Bb7 8. Be3
Nf6 9. f3 $6 Bb4 10. Nge2 d5 11. exd5 exd5 12. Ba2 Qe7 13. Bxb6 $2 d4 $1 $19
14. Bxd4 O-O-O 15. O-O Nxd4 16. Nxd4 Rxd4 17. Qe1 Qc7 18. Qg3 Rd2 19. Qxc7+ $2
Kxc7 20. Bxf7 Rxc2 21. Rac1 Bc5+ 22. Kh1 Rxc1 23. Rxc1 Kb8 24. Ne2 Bb6 25. b4
Rf8 26. Bb3 Nd7 27. a5 $2 Ba7 (27... Rxf3 $1) 28. Ng3 Ne5 29. Rd1 $2 Rxf3 $1
30. Bd5 Rd3 31. Rxd3 Nxd3 32. Bg8 Nf4 33. h4 Bxg2+ 34. Kh2 Bc6 35. Bxh7 Bd4 36.
Nf5 Be5 37. Kg1 Nd5 38. Bg8 Nxb4 39. h5 Bd7 40. Ne3 $2 Bd4 41. Kf2 Nc2 42. Ke2
Nxe3 43. Kd3 Bc5 0-1

[Event "ESTT O65 Sweden -  Wales"]
[Site "?"]
[Date "2016.04.25"]
[Round "7.1"]
[White "Hammar, Bengt"]
[Black "Jones, Iolo C"]
[Result "1-0"]
[WhiteElo "2168"]
[BlackElo "2193"]
[PlyCount "51"]
[EventDate "2016.04.19"]
[SourceDate "2016.04.19"]

1. c4 Nf6 2. Nc3 e5 3. g3 d5 4. cxd5 Nxd5 5. Bg2 Nb6 6. Nf3 Nc6 7. O-O Be7 8.
d3 O-O 9. a3 a5 (9... Be6) 10. Be3 Be6 11. Na4 Nd5 12. Bc5 f6 13. Bxe7 Qxe7 14.
Rc1 Bf7 15. Nc5 Nd8 (15... b6 $142) 16. d4 exd4 $2 $18 (16... b6 17. Ne4 f5 18.
Ned2 e4 $11) 17. Nxd4 c6 18. Bh3 $5 (18. e4 $142) 18... g6 19. e4 Nb6 20. Qd3
$16 Kh8 $6 21. Rfe1 Bg8 $6 22. f4 Re8 23. e5 fxe5 $4 (23... f5 $142 24. e6 Qf6)
24. Rxe5 Qf8 25. Rxe8 Qxe8 26. Nf5 $1 1-0